| 000 | 01205nac a22002411u 4500 | ||
|---|---|---|---|
| 008 | 100802t xxu||||| |||| 00| 0 eng d | ||
| 010 | _a 95070760 | ||
| 020 | _a0309053358 | ||
| 035 | _a(OCoLC)33243276 | ||
| 082 |
_a622.3385 _222 _bMAT |
||
| 100 |
_a20080729 _916971 |
||
| 245 | 0 | 0 |
_aMaterials for high-temperature semiconductor devices / _cCommittee on Materials for High-Temperature Semiconductor Devices, National Materials Advisory Board, Commission on Engineering and Technical Systems, National Research Council. |
| 260 |
_aWashington, D.C. : _bNational Academy Press, _cc1995. |
||
| 300 |
_axv, 119 p. : _bill. ; _c28 cm. |
||
| 500 | _a"NMAB-474." | ||
| 504 | _aIncludes bibliographical references. | ||
| 650 | 0 |
_aSemiconductors. _916972 |
|
| 650 | 0 |
_aMaterials at high temperatures. _916973 |
|
| 650 | 0 |
_aWide gap semiconductors. _916974 |
|
| 710 | 2 |
_aNational Research Council (U.S.). _bCommittee on Materials for High-Temperature Semiconductor Devices. _916975 |
|
| 942 |
_cBB _k622.3385 MAT _2ddc |
||
| 999 |
_c1897 _d1897 |
||